| 000 | 00562nam a2200181Ia 4500 | ||
|---|---|---|---|
| 999 |
_c34638 _d34638 |
||
| 003 | OSt | ||
| 005 | 20200824114455.0 | ||
| 008 | 190216s9999||||xx |||||||||||||| ||und|| | ||
| 020 | _a9788187134794 | ||
| 040 | _coclc | ||
| 082 |
_a530.12 _bKUI/F |
||
| 100 |
_aKuila, S P _94308 |
||
| 245 | 0 |
_aFundamentals Of Quantum Mechanics, Statistical Mechanics and Solid State Physics / _cS P Kuila |
|
| 260 |
_bBooks And Allied Pvt Ltd, _c2012. _aKolkata: |
||
| 300 | _a976p | ||
| 650 | _aPhysics | ||
| 942 |
_cBK _2ddc _h530.12 _iKUI/F _k530.12 _mKUI/F |
||